00378nam a2200145Ia 4500008004100000020001600041041000800057082001700065100003200082245004100114250000600155260005100161300001100212650000900223210716s1993 xx 000 0 und d a81856231107 aeng a005.268 BERJ aBerman, Jason;Clark, Wayne. aVisual quickstsrt guide: windows 3.1 a1 aNew DelhibGalgotia Publications Pvt Ltdc1993 axi,180 aNone